Country Names Without Vowels #1 - Statistics

General Stats
  • This quiz has been taken 53 times
  • The average score is 13 of 15
Answer Stats
Without Vowels With Vowels % Correct
Mrcc Morocco
100%
Swtzrlnd Switzerland
100%
Ymn Yemen
98%
Hndrs Honduras
96%
Bhtn Bhutan
94%
Mntngr Montenegro
94%
Tjkstn Tajikistan
94%
Dmcrtc Rpblc F Th Cng Democratic Republic Of The Congo
92%
Rss Russia
90%
Pr Peru
84%
Ntg Nd Brbd Antigua And Barbuda
82%
Tvl Tuvalu
82%
Rgntn Argentina
69%
Ndns Indonesia
45%
Srl Israel
43%
No matching quizzes found
Score Distribution
Percent of People with Each Score
Percentile by Number Answered
Your Score History
You have not taken this quiz